书目信息 |
| 题名: |
食品营养学
|
|
| 作者: | 余群力 , 孙远明 主编 | |
| 分册: | ||
| 出版信息: | 北京 中国农业大学出版社 2002.08 |
|
| 页数: | 339页 | |
| 开本: | 23cm | |
| 丛书名: | 全国高等农业院校食品专业“面向21世纪课程”系列教材 | |
| 单 册: | ||
| 中图分类: | TS201.4 | |
| 科图分类: | ||
| 主题词: | 食品营养学--shi pin ying yang xue--高等学校--教材 | |
| 电子资源: | ||
| ISBN: | 7-81066-475-1 | |
| 000 | 01045nam 2200289 450 | |
| 001 | 0104000024 | |
| 005 | 20051124115123.1 | |
| 010 | @a7-81066-475-1@dCNY25.50 | |
| 100 | @a20081127d2002 ekmy0chiy0120 ea | |
| 101 | 0 | @achi |
| 102 | @aCN@b110000 | |
| 105 | @aa z 000yy | |
| 106 | @ar | |
| 200 | 1 | @a食品营养学@AShi Pin Ying Yang Xue@f孙远明, 余群力主编@FSun Yuan Ming , Yu Qun Li Zhu Bian |
| 210 | @a北京@c中国农业大学出版社@d2002.08 | |
| 215 | @a339页@c图@d23cm | |
| 225 | 2 | @a全国高等农业院校食品专业“面向21世纪课程”系列教材 |
| 300 | @a面向21世纪课程教材 | |
| 330 | @a本书包括: 食物的体内过程、基础营养、不同人群的营养、各类食物的营养价值、食品的营养素强化、营养与健康、社区营养等内容。 | |
| 410 | 0 | @12001 @a全国高等农业院校食品专业“面向21世纪课程”系列教材 |
| 606 | 0 | @a食品营养学@Ashi pin ying yang xue@x高等学校@j教材 |
| 690 | @aTS201.4@v4 | |
| 701 | 0 | @a余群力@AYu Qun Li@4主编 |
| 701 | 0 | @a孙远明@ASun Yuan Ming@4主编 |
| 801 | 0 | @aCN@bHTDF@c20081127 |
| 905 | @aBZT@dTS201.4@e1@f10 | |
| 906 | @dCNY25.50@n0@r1 | |
| 食品营养学/孙远明, 余群力主编.-北京:中国农业大学出版社,2002.08 |
| 339页:图;23cm.-(全国高等农业院校食品专业“面向21世纪课程”系列教材) |
| 面向21世纪课程教材 |
| ISBN 7-81066-475-1:CNY25.50 |
| 本书包括: 食物的体内过程、基础营养、不同人群的营养、各类食物的营养价值、食品的营养素强化、营养与健康、社区营养等内容。 |
| ● |
| 相关链接 |
|
|
|
正题名:食品营养学
索取号:TS201.4/1
 
预约/预借
| 序号 | 登录号 | 条形码 | 馆藏地/架位号 | 状态 | 备注 |
| 1 | 717402 | 2000717402 | 中心书库中库/ 中库025架A面2列4层15/ [索取号:TS201.4/1] | 在馆 | |
| 2 | 717403 | 2000717403 | 中心书库中库/ 中库025架A面2列4层14/ [索取号:TS201.4/1] | 在馆 | |
| 3 | 717404 | 2000717404 | 中心书库中库/ 中库025架A面2列4层18/ [索取号:TS201.4/1] | 在馆 | |
| 4 | 717405 | 2000717405 | 中心书库中库/ 中库025架A面2列4层21/ [索取号:TS201.4/1] | 在馆 | |
| 5 | 717406 | 2000717406 | 中心书库中库/ 中库025架A面2列4层23/ [索取号:TS201.4/1] | 在馆 | |
| 6 | 717407 | 2000717407 | 中心书库中库/ 中库025架A面2列4层20/ [索取号:TS201.4/1] | 在馆 | |
| 7 | 717408 | 2000717408 | 中心书库中库/ 中库025架A面2列4层17/ [索取号:TS201.4/1] | 在馆 | |
| 8 | 717409 | 2000717409 | 中心书库中库/ 中库025架A面2列4层16/ [索取号:TS201.4/1] | 在馆 | |
| 9 | 717410 | 2000717410 | 中心书库中库/ 中库025架A面2列4层19/ [索取号:TS201.4/1] | 在馆 | |
| 10 | 717411 | 2000717411 | 中心书库中库/ 中库025架A面2列4层22/ [索取号:TS201.4/1] | 在馆 |